Three dimensional Geometry (Record no. 316584)
[ view plain ]
| 000 -LEADER | |
|---|---|
| fixed length control field | 00249 a2200109 4500 |
| 001 - CONTROL NUMBER | |
| control field | 81511 |
| 082 ## - DEWEY DECIMAL CLASSIFICATION NUMBER | |
| Classification number | 516.15 SIN |
| 090 ## - LOCALLY ASSIGNED LC-TYPE CALL NUMBER (OCLC); LOCAL CALL NUMBER (RLIN) | |
| -- | 39752 |
| -- | 39752 |
| 100 ## - MAIN ENTRY--PERSONAL NAME | |
| Personal name | Singh Shalini |
| 245 ## - TITLE STATEMENT | |
| Title | Three dimensional Geometry |
| 260 ## - PUBLICATION, DISTRIBUTION, ETC. | |
| Place of publication, distribution, etc. | ND |
| Name of publisher, distributor, etc. | Sarup & sons |
| Date of publication, distribution, etc. | 2000 |
| 942 ## - ADDED ENTRY ELEMENTS (KOHA) | |
| Institution code [OBSOLETE] | NUST-CAE |
| Call number prefix | 516.15 SIN |
| Withdrawn status | Lost status | Damaged status | Not for loan | Collection code | Permanent Location | Current Location | Date acquired | Total Checkouts | Full call number | Barcode | Date last seen | Price effective from | Koha item type |
|---|---|---|---|---|---|---|---|---|---|---|---|---|---|
| College of Aeronautical Engineering (CAE) | College of Aeronautical Engineering (CAE) | 04/03/2017 | 516.15 SIN | CAEN-841 | 04/05/2017 | 04/05/2017 | Book |
